| 000 | 00499nam a22001937a 4500 | ||
|---|---|---|---|
| 003 | NUST - PNEC | ||
| 005 | 20170116180951.0 | ||
| 008 | 150908b xxu||||| |||| 00| 0 eng d | ||
| 020 | _a0830603956 | ||
| 020 | _a083063195X | ||
| 040 | _cLIBRARY | ||
| 082 | _a621.381 HOR | ||
| 100 |
_99131 _aHorn, Delton T. |
||
| 245 |
_aBasic electronics theory--with projects & experiments _cDelton T. Horn |
||
| 250 | _a3rd ed. | ||
| 260 | _cc.1989 | ||
| 650 |
_99136 _aElectronics _xEL |
||
| 942 |
_2ddc _cBK |
||
| 999 |
_c66419 _d66419 |
||